The uncovered head Jewish culture: new perspectives /

I tiakina i:
Ngā taipitopito rārangi puna kōrero
Kaituhi matua: Itzjaki, Yedidya
Kaituhi rangatōpū: ebrary, Inc
Ētahi atu kaituhi: Steigman, Nahum
Hōputu: Tāhiko īPukapuka
Reo:Ingarihi
Hīperu
I whakaputaina: Newark : Lanham, Md. : University of Delaware Press ; Rowman & Littlefield Pub. Group, c2011.
Ngā marau:
Urunga tuihono:An electronic book accessible through the World Wide Web; click to view
Ngā Tūtohu: Tāpirihia he Tūtohu
Kāore He Tūtohu, Me noho koe te mea tuatahi ki te tūtohu i tēnei pūkete!

MARC

LEADER 00000nam a2200000Ia 4500
001 ebr10570598
003 CaPaEBR
006 m u
007 cr cn|||||||||
008 100326s2011 deu sb 001 0 eng d
010 |z  2010013174 
020 |z 9781611490367 
020 |z 9781611490374 
020 |z 1611490367 
020 |z 9780874135008 
020 |z 0874135001 
040 |a CaPaEBR  |c CaPaEBR 
035 |a (OCoLC)802046744 
041 1 |a eng  |h heb 
050 1 4 |a BM45  |b .I89 2011eb 
082 0 4 |a 296.09/05  |2 22 
100 1 |a Itzjaki, Yedidya. 
240 1 0 |a Be-rosh galui.  |l English 
245 1 4 |a The uncovered head  |h [electronic resource] :  |b Jewish culture: new perspectives /  |c Yedidya Itzhaki ; translated by Nahum Steigman. 
260 |a Newark :  |b University of Delaware Press ;  |a Lanham, Md. :  |b Rowman & Littlefield Pub. Group,  |c c2011. 
300 |a 257 p. 
500 |a "Surveying the evolution of the Jewish people and its culture and thought throughout the ages, this book describes the momentous results of Jewry's encounter with European Modernism. It traces how, over the last two-and-a-half centuries, pluralism and secularism first took hold in the Jewish world and then expanded until they are now the dominant feature and the driving force in contemporary Judaism. These issues are illuminated with a wide selection of works from the Jewish literature and thought"--Data view. 
500 |a Translated from Hebrew. 
504 |a Includes bibliographical references (p. 223-252) and index. 
533 |a Electronic reproduction.  |b Palo Alto, Calif. :  |c ebrary,  |d 2011.  |n Available via World Wide Web.  |n Access may be limited to ebrary affiliated libraries. 
650 0 |a Judaism  |y 21st century. 
650 0 |a Jews  |x Identity. 
650 0 |a Religious pluralism  |x Judaism. 
650 0 |a Orthodox Judaism  |x Relations  |x Nontraditional Jews. 
655 7 |a Electronic books.  |2 local 
700 1 |a Steigman, Nahum. 
710 2 |a ebrary, Inc. 
856 4 0 |u http://site.ebrary.com/lib/daystar/Doc?id=10570598  |z An electronic book accessible through the World Wide Web; click to view 
999 |c 192522  |d 192522